| 000 | 00846nam a2200277Ia 4500 | ||
|---|---|---|---|
| 003 | OSt | ||
| 005 | 20221006160151.0 | ||
| 006 | a|||||r|||| 00| 0 | ||
| 007 | ta | ||
| 008 | 221006b |||||||| |||| 00| 0 chi d | ||
| 020 |
_a9788962970302 _cW25,000 |
||
| 024 | _a44,505 | ||
| 037 |
_bGift, KCC (Window on Korea) _cAnnuals, Advances |
||
| 040 |
_aEASL _cEASL _bchi |
||
| 041 |
_2chi _achi |
||
| 082 | _aV1:19(zQ), Q0 | ||
| 100 | _aAcademy of Korean studies | ||
| 245 | 0 | _a2009 civilization and peace | |
| 260 |
_aSeoul _bJImoondang Korea _c2010 |
||
| 300 |
_a293p. _ccm. |
||
| 490 | _v Gen | ||
| 650 | _a Gen | ||
| 650 |
_aConversation between world peace and civilization _9672184 |
||
| 942 |
_hV1:19(zQ), Q0 _cREF _2CC |
||
| 999 |
_c1112597 _d1112597 |
||